LDR 00824naa#a2200169#i#450# 001 EN\\bibl\114392 005 20260629045911.1 011 ## _a2782-1919 100 ## _a20260622b2026####ek#y0engy0150####ca 102 ## _aRU 200 1# _aFunctional and technological features of architectural design for inclusive education in general education school buildings _eJournal article 210 1# _aYaroslavl _cYaroslavl State Technical University _d2026 215 ## _a31 с. 608 ## _aJournal article _2local 675 ## _aПомещения со специальным оборудованием и особого функционального назначения (учебные мастерские, кабинеты, лаборатории и т. п.) Например,. 727.055 _z 700 #1 _aStrelnikova _gElena Iurevna 856 4# _aystu.editorum.ru _u